02094nam a22001577a 4500008004100000020001500041050001400056245010600070260003900176300002600215500002000241505161600261650001901877700001601896700002401912111125t xxu||||| |||| 00| 0 eng d a0262030519 aHB141.C37 aSelected readings in macroeconomics and capital theory /cedited by David Cass and Lionel W. Mckenzie aCambridge:bThe MIT Press,cc1974. a516 p.:bill.;c23cm. aIncludes index. aContents: A Macrodynamic theory of business cycles -- The Summation of random causes as the source of cyclic processes -- Mr Keynes and the classics: A Suggested interpretation -- Money and the theory of assets -- Process analysis and equlibrium analysis -- Liquidity preference and the theory of interest and money -- Multiplier effects of a balanced budget -- Capital expansion, rate of growth, and employment -- Macroeconomics and the theory of rational behaviour -- Sur la possibilite de construction de certains macromodels -- Note: Some conditions of macroeconomic stability -- A Multiple-region theory of income and trade -- The Nonlinear accelerator and the persistence of business cycles -- The Rate of interest -- Capital accumulation and the efficient allocation of resources -- Balanced growth under constant returns to scale -- A Generalization of the von Neuman model of an expanding economy -- A Model explaining the pareto distribution of wealth -- Comparative valuation in a dynamic input-output system -- Substitution versus fixed production coefficients in the theory of economic growth -- Rational expectations and the theory of price movements -- Buffer stocks, sales expectations and stability: A multi-sector analysis of the inventory cycle -- The Accumulation of risky capital: A sequential utility analysis -- Turnpike theorems for a generalized leontief model -- Persisistence of continual growth near the von Neuman Ray: A strong version of the Radner Turnpike theorem -- Money and economic growth -- Optimum growth in an aggregative model of capital accumulation: A Turnpike theorem. aMacroeconomics aCass, David aMckenzie, Lionel W.